Ideario de Canovas

Gorde:
Xehetasun bibliografikoak
Egile nagusia: González Blanco, Edmundo
Formatua: Liburua
Hizkuntza:Undetermined
Argitaratua: Madrid, España Janson 1931
Gaiak:
Etiketak: Etiketa erantsi
Etiketarik gabe, Izan zaitez lehena erregistro honi etiketa jartzen!

MARC

LEADER 00000nam a2200000Ia 4500
008 170316s9999 xx 000 0 und d
040 |a cru BVZT 
090 |a 862 G-34i 
100 |a González Blanco, Edmundo 
245 |a Ideario de Canovas 
260 |a Madrid, España  |b Janson  |c 1931 
300 |a 208 páginas 
650 |a LITERATURA ESPAÑOLA 
942 |c 15 D 
999 |c 9925  |d 9925